|
|
|
|
| LEADER |
00000nam a22000007a 4500 |
| 005 |
20210503225249.0 |
| 007 |
cr|||| |||| |
| 008 |
210503s2018 co |||||s|||| 00||0 spa d |
| 020 |
|
|
|a 978-958-665-498-2
|
| 035 |
|
|
|a 33237
|
| 040 |
|
|
|a vLex
|
| 090 |
|
|
|c 11598
|d 11598
|
| 100 |
1 |
|
|a Lindahl, Hans
|
| 245 |
1 |
0 |
|a Fallas de la globalizacin̤
|h [Recurso electrn̤ico] :
|b Orden jurd̕ico y polt̕ica de la a-juridicidad /
|c Hans Lindahl
|
| 256 |
|
|
|a Servicio en ln̕ea
|
| 260 |
|
|
|a Bogot:̀
|b Siglo del Hombre Editores,
|c 2018
|
| 300 |
|
|
|a 1 recurso electrn̤ico
|
| 500 |
|
|
|a Apoyado en las teora̕s de la accin̤ colectiva y la fenomenologa̕, el autor sostiene que los colectivos jurd̕icos de todo tipo ordenan quiň debe hacer qu,̌ dn̤de y cuǹdo. Pero, en ese proceso, los colectivos jurd̕icos tambiň sientan sus lm̕ites y evocan el m̀bito que siempre tiene que estar afuera: la a-juridicidad. As,̕ al igual que los derechos estatales, los r̤denes globales tienen lm̕ites susceptibles de ser fracturados y revelados como fallas por el comportamiento a-jurd̕ico. -Cm̤o debe responder un colectivo jurd̕ico a esas exigencias que van ms̀ all ̀de su propio lenguaje binario? El autor propone una polt̕ica de la a-juridicidad como alternativa.
|
| 506 |
1 |
|
|a Disponible solo en los productos indicados
|d vLex Global
|d vLex Global (Academic Edition, excluding Law Schools)
|d vLex Global (U.S. Academic Edition, Law Schools)
|d vLex Global (U.S. Academic Edition, excluding Law Schools)
|d vLex Global (Academic Edition, Law Schools)
|
| 650 |
0 |
4 |
|a Derecho Constitucional
|z Colombia
|
| 740 |
0 |
|
|a vLex Libros (Servicio en ln̕ea)
|
| 856 |
4 |
0 |
|u https://vlex.com/source/fallas-de-la-globalizacion-orden-juridico-y-politica-de-la-a-juridicidad-33237
|z Acceso restringido
|
| 942 |
|
|
|c BOOK
|
| 999 |
0 |
|
|a Constitutional right
|